Entrepreneurship / (Record no. 31729)
[ view plain ]
| 000 -LEADER | |
|---|---|
| fixed length control field | 01151cam a2200349 a 4500 |
| 001 - CONTROL NUMBER | |
| control field | 12403219 |
| 003 - CONTROL NUMBER IDENTIFIER | |
| control field | OSt |
| 005 - DATE AND TIME OF LATEST TRANSACTION | |
| control field | 20211124104217.0 |
| 008 - FIXED-LENGTH DATA ELEMENTS--GENERAL INFORMATION | |
| fixed length control field | 010509s2002 maua b 001 0 eng |
| 010 ## - LIBRARY OF CONGRESS CONTROL NUMBER | |
| LC control number | 2001090843 |
| 020 ## - INTERNATIONAL STANDARD BOOK NUMBER | |
| International Standard Book Number | 0072314060 (alk. paper) |
| 038 ## - RECORD CONTENT LICENSOR | |
| Staff Name | Khadija |
| 040 ## - CATALOGING SOURCE | |
| Original cataloging agency | DLC |
| Transcribing agency | DLC |
| Modifying agency | DLC |
| 050 00 - LIBRARY OF CONGRESS CALL NUMBER | |
| Classification number | HD62.5 |
| Item number | .H577 2002 |
| 082 00 - DEWEY DECIMAL CLASSIFICATION NUMBER | |
| Classification number | 658.4 |
| Edition number | 21 |
| Author Mark | HIS |
| 100 1# - MAIN ENTRY--PERSONAL NAME | |
| Personal name | Hisrich, Robert D. |
| 9 (RLIN) | 84981 |
| 245 10 - TITLE STATEMENT | |
| Title | Entrepreneurship / |
| Statement of responsibility, etc. | Robert D. Hisrich, Michael P. Peters. |
| 250 ## - EDITION STATEMENT | |
| Edition statement | 5th ed. |
| 260 ## - PUBLICATION, DISTRIBUTION, ETC. | |
| Place of publication, distribution, etc. | Boston : |
| Name of publisher, distributor, etc. | McGraw-Hill/Irwin, |
| Date of publication, distribution, etc. | c2002. |
| 300 ## - PHYSICAL DESCRIPTION | |
| Extent | xix, 663 p. : |
| Other physical details | col. ill. ; |
| Dimensions | 27 cm. |
| 504 ## - BIBLIOGRAPHY, ETC. NOTE | |
| Bibliography, etc. note | Includes bibliographical references and index. |
| 563 ## - BINDING INFORMATION | |
| Binding note | PB |
| 650 #0 - SUBJECT ADDED ENTRY--TOPICAL TERM | |
| Topical term or geographic name entry element | New business enterprises. |
| 9 (RLIN) | 84982 |
| 650 #0 - SUBJECT ADDED ENTRY--TOPICAL TERM | |
| Topical term or geographic name entry element | Entrepreneurship. |
| 9 (RLIN) | 84983 |
| 650 #0 - SUBJECT ADDED ENTRY--TOPICAL TERM | |
| Topical term or geographic name entry element | Business planning. |
| 9 (RLIN) | 84984 |
| 650 #0 - SUBJECT ADDED ENTRY--TOPICAL TERM | |
| Topical term or geographic name entry element | Business enterprises |
| General subdivision | Finance. |
| 9 (RLIN) | 84985 |
| 650 #0 - SUBJECT ADDED ENTRY--TOPICAL TERM | |
| Topical term or geographic name entry element | Success in business. |
| 9 (RLIN) | 84986 |
| 700 1# - ADDED ENTRY--PERSONAL NAME | |
| Personal name | Peters, Michael P. |
| 9 (RLIN) | 84987 |
| 906 ## - LOCAL DATA ELEMENT F, LDF (RLIN) | |
| a | 7 |
| b | cbc |
| c | orignew |
| d | 2 |
| e | epcn |
| f | 20 |
| g | y-gencatlg |
| 942 ## - ADDED ENTRY ELEMENTS (KOHA) | |
| Source of classification or shelving scheme | |
| Koha item type | Book |
| Withdrawn status | Lost status | Source of classification or shelving scheme | Damaged status | Not for loan | Permanent Location | Current Location | Shelving location | Date acquired | Full call number | Barcode | Date last seen | Price effective from | Koha item type |
|---|---|---|---|---|---|---|---|---|---|---|---|---|---|
| School of Mechanical & Manufacturing Engineering (SMME) | School of Mechanical & Manufacturing Engineering (SMME) | Aerospace Engineering | 06/30/2015 | 658.4 HIS | SMME-250 | 03/27/2018 | 06/30/2015 | Book |
